Costumbres mineras

Furkejuvvon:
Bibliográfalaš dieđut
Váldodahkki: Jotabeche José Joaquín Vallejo (Dahkki)
Materiálatiipa: Girji
Giella:espánnjágiella
Almmustuhtton: Santiago Cruz del Sur 1943
Ráidu:Nueva colección de autores chilenos
Fáttát:
Fáddágilkorat: Lasit fáddágilkoriid
Eai fáddágilkorat, Lasit vuosttaš fáddágilkora!

MARC

LEADER 00000nam a2200000 a 4500
001 UCW6999
003 CL-VaPUC
008 920810e19430000CL |||||||||||||||||spa|d
082 0 4 |a Ch863  |b JOT  |2 21 
100 |a Jotabeche  |e author  |q José Joaquín Vallejo  |9 420316 
245 1 0 |a Costumbres mineras 
300 |a 151 p 
942 |c BK 
945 |d 19920810 00:00:00 
260 |a Santiago  |b Cruz del Sur  |c 1943 
650 0 |a Cuentos chilenos   |9 308280 
583 |a last modification  |c 19920810 00:00:00  |k Rodrigo Vera 
490 0 |a Nueva colección de autores chilenos 
999 |c 219890  |d 219888 
952 |0 0  |1 0  |4 0  |6 CH_863_000000000000000_JOT_1943  |7 0  |8 P  |9 211388  |a BIBEDU  |b BIBEDU  |d 2019-11-15  |i 2795752  |o Ch863 JOT 1943  |p 2795752  |r 2019-11-15  |w 2019-11-15  |y BK  |k EDU